La poesía en acción de Victoriano Cremer / (Record no. 107462)

MARC details
000 -LEADER
campo de control de longitud fija 00498nam a2200169 i 4500
001 - NÚMERO DE CONTROL
campo de control 107462
003 - IDENTIFICADOR DE NÚMERO DE CONTROL
campo de control ES-MaACL
005 - FECHA Y HORA DE LA ÚLTIMA TRANSACCIÓN
campo de control 20230906184427.0
007 - CAMPO FIJO DE DESCRIPCIÓN FÍSICA--INFORMACIÓN GENERAL
campo de control de longitud fija t|
008 - DATOS DE LONGITUD FIJA--INFORMACIÓN GENERAL
campo de control de longitud fija 061121s1972 sp r ||||1| spa d
100 1# - ENTRADA PRINCIPAL--NOMBRE DE PERSONA
Nombre de persona Moratiel, Sergio.
9 (RLIN) 83156
245 13 - MENCIÓN DEL TÍTULO
Título La poesía en acción de Victoriano Cremer /
Mención de responsabilidad, etc. por Sergio Moratiel.
260 ## - PUBLICACIÓN, DISTRIBUCIÓN, ETC.
Lugar de publicación, distribución, etc. León :
Nombre del editor, distribuidor, etc. [s.n.],
Fecha de publicación, distribución, etc. 1972 (
Fabricante Imp. Diocesana)
300 ## - DESCRIPCIÓN FÍSICA
Extensión 251 p. ;
Dimensiones 25.
600 14 - PUNTO DE ACCESO ADICIONAL DE MATERIA--NOMBRE DE PERSONA
Nombre de persona Crémer, Victoriano.
9 (RLIN) 41488
852 ## - LOCALIZACIÓN
Ubicación ES-MaACL
Número de control de estantería C-53807
Sublocalización o colección R.87015
Holdings
Estatus retirado Estado de pérdida Estado de daño No para préstamo Biblioteca de origen Biblioteca actual Ubicación en estantería Fecha de adquisición Fuente de adquisición Total de préstamos Signatura topográfica completa Código de barras Visto por última vez Precio de reemplazo Tipo de ítem Koha
        Biblioteca del Ateneo de Madrid Biblioteca del Ateneo de Madrid Depósito 2 17/01/2008     C-53807 1112153 23/02/2023 23/02/2023 Libro impreso